Statistiques concernant Prénoms des rappeurs français

Cliquez ici pour prendre le quiz!

Statistiques générales

  • Ce quiz a été pris 2 552 fois
  • Le résultat moyen est 22 sur 89

Statistiques - réponses

RappeurPrénom% Correct
JuLJulien
84%
TaycJulien
84%
SCHJulien
84%
NinhoWilliam
74%
DamsoWilliam
74%
BigfloFlorian
62%
Soso ManessSofiane
59%
SofianeSofiane
59%
BoobaElie
57%
Ademo (PNL)Tarik
57%
OrelsanAurelien
54%
ZolaAurelien
54%
Mister VYvick
54%
LacrimKarim
53%
Jr O Crom (Sexion d'Assaut)Karim
53%
Heuss L'enfoiréKarim
53%
RKM (DTF)Karim
53%
Rim'KKarim
53%
LefaKarim
53%
NekfeuKen
53%
ValdValentin
51%
NapsNabil
50%
NOS (PNL)Nabil
50%
HamzaHamza
43%
SneazzyMohammed
40%
Alpha WannAlpha
38%
Black MAlpha
38%
RémyRemy
38%
OliOlivio
36%
NiskaStanislas
34%
LomepalAntoine
32%
DinosJules
29%
PLKMathieu
26%
MédineMedine
23%
HatikClement
22%
GimsGandhi
22%
Koba LaDMarcel Junior
22%
JoeyStarrDidier
20%
KanoéNoé
20%
KaarisOkou
18%
GringeGuillaume
17%
MaesWalid
17%
Freeze CorleoneIssa
16%
LaylowJeremy
16%
AlonzoKassim
16%
La FouineLaouni
16%
Doomams (Sexion d'Assaut)Mamadou
16%
Barack AdamaAdama
15%
DadjuDadju
14%
RKRyad
13%
SadekSadek
13%
SinikThomas
10%
KalashKevin
9%
LartisteYoussef
9%
LandyDylan
8%
NazaJean Desire
8%
JosmanJosé
8%
SopranoSaid
8%
DossehDosseh
6%
GradurGradi
6%
GuizmoLamine
6%
Sam'sMoussa
6%
RTI (DTF)Samy
6%
Suikon Blaz ADAdrien
5%
Kery JamesAlix
5%
Kool ShenBruno
5%
JeanJassJassim
5%
L'AlgérinoSamir
5%
AlkpoteAtef
4%
joysadNathan
4%
YLYamine
4%
Kalash CriminelAmira
3%
CaballeroArtur
3%
Da UziDavy
3%
S.Pri NoirMalick
3%
Hornet La FrappeMounir
3%
NiroNoureddine
3%
LarryAbdelmalik
2%
Oxmo PuccinoAbdoulaye
2%
Maska (Sexion d'Assaut)Bastien
2%
Jok'airMelvin
2%
TimalRuben
2%
Mac TyerSocrate
2%
SoolkingAbderraouf
1%
KeblackCedric
1%
KofsFoued
1%
OboyMihaja
1%
Zed (13 block)Malcolm
0%
VegedreamSatchela
0%

Distribution des résultats

Percentile par nombre de réponses

% des personnes avec chaque résultat

Votre développement - résultats

Vous n’avez pas pris ce quiz